000 00304nam a22001097a 4500
040 _cRUA
082 _aFPD SEP 2014 C332 Or.
245 _aAGRICULTURE SERVICES PROGRAMME FOR INNOVATION,RESILIENCE AND EXTENSION(ASPIRE),
260 _aphnom penh
_brua
_c2014
300 _axv.125p.
_bill.
_c29cm.
942 _cRE
999 _c22033
_d22033